| 000 | 00726nam a2200229 a 4500 | ||
|---|---|---|---|
| 001 | 72560 | ||
| 003 | BD-RjUL | ||
| 005 | 20211209082257.0 | ||
| 008 | 170521s1959 enka b 001 0 eng | ||
| 035 | _a(BD-RjUL)72778 | ||
| 040 |
_aDLC/ICU _cICU _dBD-RjUL _beng |
||
| 041 | _aeng | ||
| 082 | 0 | 0 |
_a537.12 _223 _bRAM 1959 |
| 100 | 1 |
_aRatcliffe, J. A. _q(John Ashworth) _9214629 |
|
| 245 | 1 | 4 |
_aThe magneto-ionic theory and its applications to the ionosphere : _ba monograph / _cJ. A.Ratcliffe |
| 260 |
_aCambridge [Eng.] : _bUniversity Press, _c1959. |
||
| 300 |
_a206 p. : _bill. ; _c23 cm. |
||
| 504 | _aIncludes index and bibliography. | ||
| 650 | 0 |
_aMagnetoionic theory. _9214630 |
|
| 942 |
_2ddc _cBK |
||
| 999 |
_c72560 _d72560 |
||